000 00393nam a22001577a 4500
003 OSt
005 20231212072038.0
008 221212b xxu||||| |||| 00| 0 eng d
020 _a978-93-560-6266-5
040 _cIIMT UNIVERSITY MEERUT
100 _aKOTLER, PHILIP
245 _aMARKETING MANAGEMENT
260 _aNOIDA
_bPEARSON INDIA
_c2021
300 _a596
942 _2ddc
_c01
_e16 EDITION
999 _c56174
_d56174